Memòria gràfica 2001 / Direcció de Comunicació, Institut d'Edicions
Descripción Física:
[93] f. : il. col., gràfics : 21 cm
MARC
| LEADER | 00000nam a2200000Ia 4500 | ||
|---|---|---|---|
| 001 | 22732 | ||
| 008 | 160829s9999 xx 000 0 cat d | ||
| 080 | |a FOL-3-90 | ||
| 110 | |a Barcelona (Catalunya : Província). |b Direcció de Comunicació |9 53855 | ||
| 245 | |a Memòria gràfica 2001 / Direcció de Comunicació, Institut d'Edicions | ||
| 260 | |a Barcelona : |b Diputació de Barcelona, [2002?] | ||
| 300 | |a [93] f. : |b il. col., gràfics : |b 21 cm | ||
| 590 | |a Inclou les accions de comunicació, senyalització, estands, llibres, butlletins i indicadors anuals de producció d'algunes àrees i organismes de la Diputació. | ||
| 610 | 1 | 0 | |a Barcelona (Catalunya : Província). |b Diputació |9 52408 |
| 650 | |a Comunicació |x Barcelona |9 38229 | ||
| 901 | |a Arxiu | ||
| 942 | |n 1 | ||
| 952 | |0 0 |1 0 |4 0 |6 FOL390 |7 1 |9 52608 |a Arxiu |b Arxiu |d 2016-12-01 |l 0 |o FOL-3-90 |p 22732 |r 2016-12-01 00:00:00 |w 2016-12-01 |y ARXIU | ||
| 999 | |c 56457 |d 56457 | ||